00808nam a2200217 u 450000100100000000500170001000800410002702000150006804000130008308200190009610000270011524500710014226000340021330000310024744000250027850001590030350000220046260000350048465000450051970000260056400000366320200929150524.0090713s1986 dr c r 000 0 spa d a8426121950 aDO-SdBNP a923.173bW317A1 aAlden, Jhon R.,d1908-10aGeorge Washington /cJohn R. Alden ; traducción Matilde Taboada. aBarcelona :bJuventud,c1986. a314 p. :bretrs. ;c23 cm. 0aGrandes biografías aLa edición original de esta obra ha sido publicada por Louisiana State University Press, Baton Rouge, con el título de George Washington: A Biography. aIncluye índice.10aWASHINGTON, GEORGE.d1732-1799 4aPresidenteszEstados UnidosxBiografía1 aTaboada, Matildeetr.